Jennie - start a war (Lyrics) - Statistics

General Stats
  • This quiz has been taken 72 times
  • The average score is 228 of 292
Answer Stats
Lyrics % Correct
a
100%
I
100%
I'm
100%
You
100%
you
100%
you,
100%
be
95%
go
95%
know
95%
Know
95%
no
95%
the
95%
for
93%
on
93%
start
93%
if
90%
If
90%
war
90%
gon'
88%
me,
88%
me
88%
to
88%
(To)
88%
we
88%
breaking
86%
there's
86%
in
83%
ain't
81%
got
81%
one
81%
that
81%
Yeah,
81%
yeah,
81%
yeah
81%
fight
79%
gonna
79%
not
79%
some
79%
I'll
76%
point
76%
try
76%
But
74%
but
74%
problems
74%
saying
74%
all
71%
both
71%
could
71%
day
71%
here
71%
do
69%
down
69%
down,
69%
need
69%
somebody
69%
locked
67%
bitch
64%
I'mma
64%
noise
64%
role
64%
through
64%
Ever
62%
playin'
62%
since
62%
mine
60%
protect
60%
was
60%
what's
60%
your
57%
it,
52%
it
52%
It
52%
hold
48%
Hold
48%
off
48%
(Rollin')
45%
anythin'
43%
love,
43%
And
40%
(Mornin')
40%
'Cause
38%
been
36%
prove
36%
Baby,
33%
like
33%
Oh,
31%
take
31%
that's
31%
how
29%
just
29%
needed
29%
come
26%
responsibility
26%
think
26%
Feelin'
24%
first
21%
hit
19%
gone
17%
heat
17%
(Token)
17%
bring
14%
I've
10%
'til
10%
grown
5%
(Ooh)
5%
No matching quizzes found
Score Distribution
Percent of People with Each Score
Percentile by Number Answered
Your Score History
You have not taken this quiz